000 00618nam a2200205Ia 4500
005 20250508170041.0
008 008 250505s9999 xx 000 0 eng d
037 _aTextual
040 _aFEDL
_beng
_cFEDL
041 _aeng
_2eng
084 _a371.76, AUR
_qFEDL
100 _aAurobindo
245 0 _aLiving within: The yoga approach to psychological health and growth
260 _aPondicherry, India
_bSir Aurbindo Ashram Trust
_c1987
300 _axxxvii, 179p.
365 _aINR
_b50
546 _aGifted by prof. Bhartaya Baveja
942 _cTEXL
_h371.76, AUR
999 _c1398939
_d1398939